[Event "Chinese League (Division A) 2019"]
[Site "China"]
[Date "2019.07.27"]
[Round "11"]
[White "Li, Chao b"]
[Black "Rapport, Richard"]
[Result "1/2-1/2"]
[WhiteElo "2691"]
[BlackElo "2735"]
[PlyCount "61"]
[EventDate "2019.04.09"]
[WhiteTeam "Beijing team"]
[BlackTeam "Chengdu Beilei Youth Chess Club"]

1. d4 Nf6 2. c4 g6 3. Nc3 Bg7 4. e4 d6 5. Nf3 O-O 6. Be2 e5 7. O-O Nc6 8. dxe5
dxe5 9. Bg5 Bg4 10. Qxd8 Nxd8 11. Bxf6 Bxf6 12. Nd5 Kg7 13. Nxc7 Rc8 14. Nd5
Bxf3 15. Bxf3 Rxc4 16. Rac1 Rxc1 17. Rxc1 Nc6 18. Bd1 Rc8 19. g3 Ne7 20. Rxc8
Nxc8 21. Kf1 Nd6 22. Bc2 Bg5 23. f4 Bf6 24. b4 g5 25. Nxf6 Kxf6 26. fxg5+ Kxg5
27. h4+ Kf6 28. Bd3 h6 29. Ke2 Kg6 30. Kf3 Kf6 31. Ke3 1/2-1/2

[Event "Chinese League (Division A) 2019"]
[Site "China"]
[Date "2019.07.27"]
[Round "11"]
[White "Yu, Yangyi"]
[Black "Li, Di"]
[Result "1-0"]
[WhiteElo "2736"]
[BlackElo "2523"]
[PlyCount "107"]
[EventDate "2019.04.09"]
[WhiteTeam "Beijing team"]
[BlackTeam "Chengdu Beilei Youth Chess Club"]

1. e4 e5 2. Nf3 Nc6 3. Bb5 Nf6 4. d3 Bc5 5. Bxc6 dxc6 6. Nc3 O-O 7. Be3 Qd6 8.
h3 Be6 9. Bxc5 Qxc5 10. Qd2 Rfe8 11. O-O Nd7 12. d4 exd4 13. Nxd4 Ne5 14. Rad1
Nc4 15. Nxe6 Rxe6 16. Qd4 Qxd4 17. Rxd4 Nd6 18. Rfd1 Rae8 19. f3 g6 20. a4 h5
21. h4 Re5 22. f4 Rc5 23. R1d3 a5 24. e5 Nf5 25. Rd7 Re7 26. Rd8+ Kg7 27. g3
Rc4 28. b3 Rb4 29. Kf2 Nxh4 30. Na2 Re4 31. c4 Ng2 32. Kf3 f5 33. Kxg2 Re2+ 34.
Kh3 Rxa2 35. Rb8 b6 36. Rdd8 h4 37. Rg8+ Kh6 38. Rh8+ Rh7 39. g4 fxg4+ 40. Kxg4
Rf2 41. Rbf8 Rxh8 42. Rxh8+ Kg7 43. Rc8 h3 44. Rxc7+ Kh6 45. Kxh3 Rxf4 46. Kg3
Rd4 47. Rxc6 Rd3+ 48. Kf4 Rxb3 49. e6 Kg7 50. Ke5 g5 51. Kf5 g4 52. Rc7+ Kh6
53. e7 Re3 54. Rc6+ 1-0

[Event "Chinese League (Division A) 2019"]
[Site "China"]
[Date "2019.07.27"]
[Round "11"]
[White "Lin, Yi"]
[Black "Wei, Yi"]
[Result "1/2-1/2"]
[WhiteElo "2406"]
[BlackElo "2737"]
[PlyCount "56"]
[EventDate "2019.04.09"]
[WhiteTeam "Hangzhou Hongda team"]
[BlackTeam "Jiangsu team"]

1. d4 Nf6 2. c4 g6 3. Nc3 Bg7 4. e4 d6 5. h3 O-O 6. Nf3 e5 7. dxe5 dxe5 8. Qxd8
Rxd8 9. Bg5 Na6 10. Nd5 Rd6 11. Bxf6 Bxf6 12. Rc1 b6 13. b4 c6 14. c5 Rxd5 15.
exd5 cxd5 16. a3 e4 17. Nd2 Be5 18. Be2 Nc7 19. O-O Ne6 20. Nb3 Nf4 21. Bb5 a6
22. Bc6 Rb8 23. cxb6 Ne2+ 24. Kh1 Nxc1 25. Rxc1 Bf4 26. Rc3 Be5 27. Rc1 Bf4 28.
Rc3 Be5 1/2-1/2

[Event "Chinese League (Division A) 2019"]
[Site "China"]
[Date "2019.07.27"]
[Round "11"]
[White "Matlakov, Maxim"]
[Black "Wang, Hao"]
[Result "1/2-1/2"]
[WhiteElo "2701"]
[BlackElo "2725"]
[PlyCount "60"]
[EventDate "2019.04.09"]
[WhiteTeam "China Mobil Shanghai Chess Club"]
[BlackTeam "Guangdong Shenzhen Longgang Chess team"]

1. d4 Nf6 2. c4 e6 3. g3 d5 4. Bg2 Be7 5. Nf3 O-O 6. Nc3 dxc4 7. Ne5 Qd6 8. O-O
Qa6 9. a4 Nc6 10. Nb5 Nxe5 11. dxe5 Rd8 12. Bd2 Ne8 13. Qc2 Bd7 14. Qxc4 Bc6
15. Rfd1 Bd5 16. Bxd5 exd5 17. Qg4 Qg6 18. Qxg6 hxg6 19. b4 c6 20. Nd4 Nc7 21.
h4 Ne6 22. e3 Rac8 23. Rac1 c5 24. bxc5 Bxc5 25. Nb3 Ba3 26. Rxc8 Rxc8 27. Be1
Rc4 28. Na5 Rxa4 29. Nxb7 Bb2 30. Kg2 d4 1/2-1/2

[Event "Chinese League (Division A) 2019"]
[Site "China"]
[Date "2019.07.27"]
[Round "11"]
[White "Bai, Jinshi"]
[Black "Andreikin, Dmitry"]
[Result "0-1"]
[WhiteElo "2606"]
[BlackElo "2727"]
[PlyCount "102"]
[EventDate "2019.04.09"]
[WhiteTeam "Hangzhou Bank Team"]
[BlackTeam "Chongqing Sports lottery chess team"]

1. d4 Nf6 2. c4 e6 3. g3 d5 4. Bg2 dxc4 5. Nf3 c6 6. a4 c5 7. O-O Nc6 8. dxc5
Bxc5 9. Qxd8+ Kxd8 10. Nbd2 Nd5 11. Nxc4 f6 12. Nfd2 b6 13. Nb3 Ba6 14. Nxc5
bxc5 15. Ne3 Ndb4 16. Bd2 Rc8 17. Bxb4 Nxb4 18. Rfd1+ Ke7 19. Kf1 Rhd8 20. Ke1
Rd4 21. Rdc1 g5 22. Nc2 Nxc2+ 23. Rxc2 Rb4 24. Bf1 Bb7 25. a5 f5 26. Rac1 Kd6
27. e3 Bd5 28. Be2 g4 29. Rd2 Rcb8 30. Rdc2 Rxb2 31. Rxc5 Ra2 32. R1c2 Rb1+ 33.
Kd2 Rba1 34. a6 Be4 35. Bd3 Rxc2+ 36. Rxc2 Bxd3 37. Kxd3 Rxa6 38. Rb2 Ra3+ 39.
Ke2 a5 40. e4 fxe4 41. Rb7 h5 42. Rh7 Kd5 43. Rxh5+ Kd4 44. Rh6 Ra2+ 45. Kf1 a4
46. Rxe6 a3 47. Rd6+ Kc5 48. Ra6 e3 49. fxe3 Kb4 50. e4 Rxh2 51. e5 a2 0-1

[Event "Chinese League (Division A) 2019"]
[Site "China"]
[Date "2019.07.27"]
[Round "11"]
[White "Jakovenko, Dmitry"]
[Black "Zhou, Weiqi"]
[Result "1/2-1/2"]
[WhiteElo "2711"]
[BlackElo "2586"]
[PlyCount "188"]
[EventDate "2019.04.09"]
[WhiteTeam "Hangzhou Bank Team"]
[BlackTeam "Chongqing Sports lottery chess team"]

1. e4 c5 2. Nf3 Nc6 3. Bb5 g6 4. Bxc6 dxc6 5. d3 Bg7 6. h3 Nf6 7. Nc3 Nd7 8.
Be3 e5 9. Qd2 h6 10. O-O Qe7 11. Nh2 Nf8 12. f4 exf4 13. Bxf4 Ne6 14. Bg3 Nd4
15. Rae1 Be6 16. Nd5 cxd5 17. exd5 Qg5 18. Qxg5 hxg5 19. dxe6 Nxe6 20. Be5 O-O
21. Ng4 f5 22. Bxg7 Nxg7 23. Ne5 Rf6 24. Nf3 Ne6 25. Re5 Rd8 26. Rfe1 Rd6 27.
a3 Kg7 28. b4 cxb4 29. axb4 Kh6 30. b5 a6 31. bxa6 Rxa6 32. Rb5 Rf7 33. Reb1
Rc7 34. R1b2 Ra1+ 35. Kh2 Rc1 36. Rb6 Rc6 37. c4 Nf4 38. Nd4 Nxd3 39. Nxc6 Nxb2
40. Ne7 Nxc4 41. Nxf5+ Kh7 42. Rxb7+ Kh8 43. Ne7 Ne3 44. Nxg6+ Kg8 45. g4 Rc2+
46. Kg3 Rc3 47. Kf2 Nd5 48. h4 gxh4 49. Nxh4 Nf6 50. Rb4 Nxg4+ 51. Rxg4+ Kf7
52. Nf3 Ke6 53. Kg3 Ra3 54. Rd4 Kf5 55. Rd5+ Ke6 56. Rb5 Ra4 57. Ng5+ Kd6 58.
Kf3 Kc6 59. Rf5 Ra1 60. Kf4 Rb1 61. Nf3 Rb4+ 62. Ke3 Kd6 63. Rh5 Ra4 64. Nd2
Ke6 65. Nb3 Kd6 66. Nc5 Ra1 67. Kd4 Rd1+ 68. Nd3 Ke6 69. Ke4 Kf6 70. Rh6+ Kg5
71. Ra6 Rb1 72. Rc6 Ra1 73. Rb6 Ra4+ 74. Nb4 Ra8 75. Nc6 Ra4+ 76. Nd4 Ra1 77.
Nf3+ Kg4 78. Rg6+ Kh5 79. Rg5+ Kh6 80. Rg3 Ra7 81. Kf5 Rf7+ 82. Ke6 Rf4 83. Ke5
Ra4 84. Kf5 Ra8 85. Rg6+ Kh5 86. Rf6 Ra5+ 87. Ne5 Kh4 88. Rg6 Kh3 89. Rc6 Kg3
90. Rc3+ Kf2 91. Kf4 Ra2 92. Nd3+ Kg2 93. Nc5 Rf2+ 94. Kg4 Rf8 1/2-1/2

[Event "GCT Rapid Paris 2019"]
[Site "Paris FRA"]
[Date "2019.07.27"]
[Round "1"]
[White "Grischuk, Alexander"]
[Black "Mamedyarov, Shakhriyar"]
[Result "1/2-1/2"]
[WhiteElo "2766"]
[BlackElo "2765"]
[PlyCount "49"]
[EventDate "2019.07.27"]

1. Nf3 f5 2. d3 Nf6 3. e4 d6 4. exf5 Bxf5 5. d4 Qd7 6. a3 e5 7. Nc3 Nc6 8. Bg5
Be7 9. dxe5 Nxe5 10. Nxe5 Qe6 11. Qe2 dxe5 12. O-O-O O-O 13. Qc4 c6 14. f3 b5
15. Qxe6+ Bxe6 16. Bd3 b4 17. axb4 Bxb4 18. Ne4 a5 19. Bd2 Nd5 20. Rhe1 h6 21.
Nf2 Bd6 22. Ne4 Be7 23. Nc3 a4 24. Nxd5 cxd5 25. Bc3 1/2-1/2

[Event "GCT Rapid Paris 2019"]
[Site "Paris FRA"]
[Date "2019.07.27"]
[Round "1"]
[White "Duda, Jan-Krzysztof"]
[Black "Giri, Anish"]
[Result "1-0"]
[WhiteElo "2729"]
[BlackElo "2779"]
[PlyCount "107"]
[EventDate "2019.07.27"]

1. e4 e5 2. Nf3 Nc6 3. Bc4 Bc5 4. O-O Nf6 5. d3 d6 6. c3 a6 7. a4 Ba7 8. Re1
O-O 9. Bg5 h6 10. Bh4 g5 11. Bg3 Nh7 12. Nbd2 Qf6 13. d4 h5 14. h3 h4 15. Bh2
g4 16. hxg4 Bxg4 17. Be2 Rfe8 18. dxe5 dxe5 19. b4 Rad8 20. b5 Bxf3 21. Bxf3
Ne7 22. Qe2 Ng5 23. Ra2 Ng6 24. bxa6 Qxa6 25. Qxa6 bxa6 26. Be2 Rd6 27. Nc4 Rf6
28. Bg4 h3 29. Bg3 Rc6 30. Bd7 Rxc4 31. Bxe8 Nxe4 32. Kh1 Nf6 33. Rd2 hxg2+ 34.
Kxg2 Nxe8 35. Rd8 Rxa4 36. Rxe8+ Kg7 37. Bxe5+ Nxe5 38. R8xe5 Rc4 39. Rg5+ Kf6
40. Rg3 Bb6 41. Rf3+ Kg6 42. Kh3 f5 43. Re5 Rc5 44. Rfxf5 Rxe5 45. Rxe5 Bxf2
46. Kg4 Bb6 47. Re6+ Kf7 48. Kf5 a5 49. Ke5 Bc5 50. Ra6 Bb6 51. Kd5 Ke7 52. Kc6
Ke6 53. c4 Be3 54. Kxc7+ 1-0

[Event "GCT Rapid Paris 2019"]
[Site "Paris FRA"]
[Date "2019.07.27"]
[Round "2"]
[White "Mamedyarov, Shakhriyar"]
[Black "Vachier-Lagrave, Maxime"]
[Result "0-1"]
[WhiteElo "2765"]
[BlackElo "2775"]
[PlyCount "82"]
[EventDate "2019.07.27"]

1. d4 Nf6 2. c4 g6 3. Nf3 Bg7 4. e3 c5 5. dxc5 Na6 6. a3 Nxc5 7. b4 Ne6 8. Bb2
b6 9. Nc3 Bb7 10. Qb3 O-O 11. Rd1 Rc8 12. Be2 Ne4 13. Nd5 Bxb2 14. Qxb2 Nc7 15.
Nf4 f6 16. Nd2 Nxd2 17. Rxd2 e5 18. Nd5 Nxd5 19. cxd5 Qc7 20. O-O Qc3 21. e4
Qxb2 22. Rxb2 Kf7 23. a4 a6 24. a5 b5 25. Rbb1 Rc3 26. Bg4 Ke7 27. d6+ Kd8 28.
Rfc1 Rxc1+ 29. Rxc1 Bxe4 30. Rc5 f5 31. Bf3 Bxf3 32. gxf3 Rf6 33. Rd5 Re6 34.
Kf1 Ke8 35. Ke2 Kf7 36. Ke3 g5 37. h3 h5 38. Kd3 Re8 39. Rc5 Ke6 40. Rc7 h4 41.
Ra7 g4 0-1

[Event "GCT Rapid Paris 2019"]
[Site "Paris FRA"]
[Date "2019.07.27"]
[Round "2"]
[White "Nepomniachtchi, Ian"]
[Black "Dubov, Daniil"]
[Result "1/2-1/2"]
[WhiteElo "2775"]
[BlackElo "2700"]
[PlyCount "78"]
[EventDate "2019.07.27"]

1. c4 Nf6 2. Nc3 c5 3. Nf3 Nc6 4. d4 cxd4 5. Nxd4 e6 6. a3 d5 7. cxd5 exd5 8.
Bg5 Bc5 9. e3 Bxd4 10. exd4 O-O 11. Be2 h6 12. Bh4 g5 13. Bg3 Ne4 14. Nxe4 dxe4
15. d5 Ne7 16. Bc4 Nf5 17. Be5 Re8 18. Bc3 Bd7 19. O-O Rc8 20. Be2 Qb6 21. Bg4
Rcd8 22. Bxf5 Bxf5 23. Qd2 Rd7 24. h3 Be6 25. Rad1 Rxd5 26. Qe2 Rxd1 27. Rxd1
Rd8 28. Rxd8+ Qxd8 29. Qxe4 Qd1+ 30. Kh2 Qd6+ 31. Be5 Qd5 32. Qe3 Kh7 33. f4
Kg6 34. Qxa7 f6 35. Bc3 Qe4 36. fxg5 Qf4+ 37. Kg1 Qc1+ 38. Kh2 Qf4+ 39. Kg1
Qc1+ 1/2-1/2

[Event "GCT Rapid Paris 2019"]
[Site "Paris FRA"]
[Date "2019.07.27"]
[Round "2"]
[White "Caruana, Fabiano"]
[Black "Duda, Jan-Krzysztof"]
[Result "1-0"]
[WhiteElo "2819"]
[BlackElo "2729"]
[PlyCount "89"]
[EventDate "2019.07.27"]

1. e4 e5 2. Nf3 Nf6 3. Nxe5 d6 4. Nf3 Nxe4 5. Nc3 Nxc3 6. dxc3 Be7 7. Be3 O-O
8. Qd2 Nd7 9. O-O-O Nf6 10. Bd3 c5 11. Rhe1 Be6 12. Kb1 Qa5 13. a3 c4 14. Be2
Ne4 15. Qc1 d5 16. Bd4 Rac8 17. Ne5 Nd6 18. Bg4 Rfe8 19. Qf4 Bf8 20. Re3 Qc7
21. Rde1 Ne4 22. Bxe6 Rxe6 23. f3 Nd6 24. Ng4 h5 25. Rxe6 fxe6 26. Nh6+ gxh6
27. Rxe6 Ne8 28. Rg6+ Bg7 29. Qxh6 Rd8 30. Qxh5 Qe7 31. f4 Rd6 32. Rxd6 Nxd6
33. Qxd5+ Kh7 34. Qh5+ Kg8 35. Qg6 Ne8 36. Bxa7 Nf6 37. Bd4 Qe1+ 38. Ka2 Qe4
39. Qxe4 Nxe4 40. Bxg7 Kxg7 41. a4 Nf2 42. Ka3 Nd1 43. a5 Kf6 44. g4 Ke6 45. h4
1-0

[Event "GCT Rapid Paris 2019"]
[Site "Paris FRA"]
[Date "2019.07.27"]
[Round "3"]
[White "Vachier-Lagrave, Maxime"]
[Black "Nepomniachtchi, Ian"]
[Result "0-1"]
[WhiteElo "2775"]
[BlackElo "2775"]
[PlyCount "70"]
[EventDate "2019.07.27"]

1. e4 c6 2. d4 d5 3. e5 c5 4. Nf3 cxd4 5. Qxd4 Nc6 6. Qf4 e6 7. Bd3 Nb4 8. Nc3
Bd7 9. h4 h5 10. Qg3 Ne7 11. Nd4 Qb6 12. a3 Nxd3+ 13. Qxd3 Ng6 14. f4 Rc8 15.
Nce2 Bc5 16. b3 Qa6 17. Qxa6 bxa6 18. Bd2 Bb5 19. Nxb5 axb5 20. b4 Bb6 21. a4
bxa4 22. Kd1 Rc4 23. Rxa4 O-O 24. Ra2 Rfc8 25. g3 Ne7 26. Rf1 Kh7 27. Rf3 Kg6
28. f5+ Nxf5 29. Nf4+ Kh7 30. Nxh5 Rg4 31. Raa3 Rcc4 32. Nf4 Nd4 33. Rf1 Nxc2
34. Rd3 Nxb4 35. Rdf3 Nc6 0-1

[Event "GCT Rapid Paris 2019"]
[Site "Paris FRA"]
[Date "2019.07.27"]
[Round "3"]
[White "Anand, Viswanathan"]
[Black "Caruana, Fabiano"]
[Result "1/2-1/2"]
[WhiteElo "2764"]
[BlackElo "2819"]
[PlyCount "103"]
[EventDate "2019.07.27"]

1. e4 c5 2. Nf3 d6 3. Bb5+ Bd7 4. Bxd7+ Qxd7 5. O-O Nf6 6. e5 dxe5 7. Nxe5 Qc8
8. Qf3 e6 9. Nc3 Be7 10. d3 O-O 11. Bf4 Nfd7 12. Nc4 Nc6 13. a4 Nd4 14. Qd1 Qc6
15. Na5 Qc8 16. Nc4 b6 17. Ne4 Nf6 18. Bg5 Nd5 19. Bxe7 Nxe7 20. c3 Ndc6 21. a5
Qc7 22. Qa4 Rab8 23. axb6 axb6 24. Qc2 Rfd8 25. Rfd1 h6 26. Qe2 Ng6 27. g3 Rd5
28. Ned2 Rbd8 29. Nf3 Nge7 30. Ra6 b5 31. Ne3 R5d6 32. Raa1 Qb7 33. Ne1 Ng6 34.
f4 e5 35. f5 Nge7 36. Qf3 Nd5 37. Nxd5 Rxd5 38. Ng2 Qb6 39. Kh1 c4 40. dxc4 e4
41. Qe2 Rxd1+ 42. Rxd1 Rxd1+ 43. Qxd1 Ne5 44. Qg1 Qc6 45. c5 Nf3 46. Qe3 Qd5
47. Nf4 Qxf5 48. Kg2 g5 49. Ne2 Ne1+ 50. Kg1 Nf3+ 51. Kg2 Ne1+ 52. Kg1 1/2-1/2

[Event "GCT Rapid Paris 2019"]
[Site "Paris FRA"]
[Date "2019.07.27"]
[Round "3"]
[White "Nakamura, Hikaru"]
[Black "Mamedyarov, Shakhriyar"]
[Result "1-0"]
[WhiteElo "2754"]
[BlackElo "2765"]
[PlyCount "119"]
[EventDate "2019.07.27"]

1. Nf3 Nf6 2. e3 g6 3. b3 Bg7 4. Bb2 O-O 5. d4 b6 6. Bd3 Bb7 7. Nbd2 c5 8. dxc5
bxc5 9. O-O Qc7 10. Re1 Nc6 11. e4 e5 12. Nf1 d6 13. Ne3 Nb4 14. Nd2 a5 15. a3
Nxd3 16. cxd3 a4 17. b4 cxb4 18. axb4 d5 19. Rxa4 dxe4 20. Ndc4 exd3 21. Bxe5
Qd8 22. Rxa8 Bxa8 23. Bd6 Re8 24. Qxd3 Ne4 25. Rd1 h5 26. f3 Nc3 27. Rd2 Qg5
28. f4 Qh4 29. g3 Qf6 30. Be5 Qc6 31. Qxc3 Qh1+ 32. Kf2 Qxh2+ 33. Ke1 Qxg3+ 34.
Kd1 Be4 35. Kc1 Bxe5 36. fxe5 Qe1+ 37. Kb2 Kh7 38. Rd7 Qf2+ 39. Qd2 Qxd2+ 40.
Rxd2 g5 41. b5 g4 42. b6 g3 43. Kc3 Ba8 44. Ng2 Re7 45. Nh4 Re8 46. Ng2 Re7 47.
Kd4 Kh6 48. Nd6 Kg5 49. Ne4+ Kg4 50. Ne3+ Kf4 51. Nf6 Kf3 52. Nf5 g2 53. Rxg2
Kxg2 54. Nxe7 h4 55. Ned5 Kf3 56. Ne4 h3 57. Ng5+ Kg4 58. Nxh3 Kxh3 59. Nf6 Kg3
60. Ne8 1-0

[Event "GCT Rapid Paris 2019"]
[Site "Paris FRA"]
[Date "2019.07.27"]
[Round "3"]
[White "Dubov, Daniil"]
[Black "Giri, Anish"]
[Result "1/2-1/2"]
[WhiteElo "2700"]
[BlackElo "2779"]
[PlyCount "92"]
[EventDate "2019.07.27"]

1. d4 Nf6 2. c4 e6 3. Nf3 d5 4. g3 Bb4+ 5. Nc3 O-O 6. Bg2 dxc4 7. O-O Nc6 8.
Qa4 Nd5 9. Qc2 Be7 10. Rd1 Ncb4 11. Qd2 Bd7 12. Ne5 b5 13. a4 a6 14. axb5 Bxb5
15. e4 Nxc3 16. bxc3 Nd3 17. Nxd3 cxd3 18. Qa2 c5 19. c4 Bd7 20. Rxd3 cxd4 21.
e5 Ra7 22. Bb2 Bc5 23. Bxd4 Qc7 24. Qa5 Rc8 25. Qd2 Bxd4 26. Rxd4 Qxe5 27. Rd1
Be8 28. Rd8 Qc7 29. Qd4 Rxd8 30. Qxd8 Kf8 31. Qd3 Kg8 32. Qd8 Kf8 33. Qd3 f5
34. Qe3 Qe7 35. c5 Rc7 36. Rd6 Bb5 37. h4 h6 38. Qd4 Rd7 39. g4 fxg4 40. Rxd7
Qxd7 41. Qxg4 Qd2 42. Qf3+ Ke7 43. Qb7+ Kf6 44. Qf3+ Ke7 45. Qb7+ Kf6 46. Qf3+
Ke7 1/2-1/2

[Event "GCT Rapid Paris 2019"]
[Site "Paris FRA"]
[Date "2019.07.28"]
[Round "4"]
[White "Grischuk, Alexander"]
[Black "Anand, Viswanathan"]
[Result "1/2-1/2"]
[WhiteElo "2766"]
[BlackElo "2764"]
[PlyCount "97"]
[EventDate "2019.07.27"]

1. d4 Nf6 2. c4 e6 3. Nf3 d5 4. g3 Bb4+ 5. Bd2 Be7 6. Bg2 O-O 7. O-O Nbd7 8.
Qc2 c6 9. Bf4 b6 10. Rd1 Bb7 11. Ne5 Nh5 12. Bc1 Nhf6 13. Nc3 Nxe5 14. dxe5 Ng4
15. Bf4 g5 16. Bc1 Nxe5 17. b3 Ng6 18. Bb2 Bf6 19. b4 Rc8 20. Ne4 Bxb2 21. Qxb2
f5 22. Nd2 Qe7 23. Rac1 e5 24. Qb3 e4 25. b5 cxb5 26. cxd5 Rxc1 27. d6+ Qf7 28.
Rxc1 Qxb3 29. Nxb3 Rd8 30. Rc7 Bd5 31. Nd4 Rxd6 32. Nxf5 Rc6 33. Rxc6 Bxc6 34.
Nd6 b4 35. Bxe4 Bxe4 36. Nxe4 Ne7 37. Kf1 Nd5 38. Ke1 Nc3 39. Nxc3 bxc3 40. f4
gxf4 41. gxf4 b5 42. Kd1 b4 43. Kc2 Kf7 44. e4 Ke6 45. Kb3 a5 46. h4 h5 47. a3
Kd6 48. axb4 axb4 49. Kc2 1/2-1/2

[Event "GCT Rapid Paris 2019"]
[Site "Paris FRA"]
[Date "2019.07.28"]
[Round "4"]
[White "Caruana, Fabiano"]
[Black "Dubov, Daniil"]
[Result "1/2-1/2"]
[WhiteElo "2819"]
[BlackElo "2700"]
[PlyCount "51"]
[EventDate "2019.07.27"]

1. e4 c5 2. Nf3 Nc6 3. Nc3 g6 4. d4 cxd4 5. Nxd4 Bg7 6. Be3 Nf6 7. Bc4 O-O 8.
Bb3 Re8 9. f3 d5 10. exd5 Nb4 11. Nde2 e6 12. d6 Nbd5 13. Bd4 Qxd6 14. Bxd5
exd5 15. Qd2 b5 16. Nxb5 Qe7 17. Nbc3 Rb8 18. O-O-O Bf5 19. g4 Qb4 20. b3 Nxg4
21. fxg4 Rxe2 22. Nxe2 Qa3+ 23. Kb1 Rxb3+ 24. axb3 Qxb3+ 25. Ka1 Qa3+ 26. Kb1
1/2-1/2

[Event "GCT Rapid Paris 2019"]
[Site "Paris FRA"]
[Date "2019.07.28"]
[Round "4"]
[White "Giri, Anish"]
[Black "Vachier-Lagrave, Maxime"]
[Result "0-1"]
[WhiteElo "2779"]
[BlackElo "2775"]
[PlyCount "94"]
[EventDate "2019.07.27"]

1. e4 c5 2. Nf3 d6 3. d4 cxd4 4. Nxd4 Nf6 5. Nc3 a6 6. Bg5 e6 7. f4 Qb6 8. Qd2
Qxb2 9. Rb1 Qa3 10. e5 h6 11. Bh4 dxe5 12. fxe5 Nfd7 13. Ne4 Qxa2 14. Rd1 Qd5
15. Qe3 Qxe5 16. Be2 Bc5 17. Bg3 Qd5 18. c4 Bxd4 19. Rxd4 Qa5+ 20. Rd2 O-O 21.
Bd6 f5 22. Bxf8 Nxf8 23. Nd6 Nbd7 24. O-O Qc5 25. Qd4 a5 26. g4 f4 27. Rxf4 a4
28. Rf1 Qxd4+ 29. Rxd4 Nc5 30. Bf3 a3 31. Rd2 Nfd7 32. Nxc8 Rxc8 33. Bxb7 Rb8
34. Bc6 Ne5 35. Bb5 Nxg4 36. Ra2 Rd8 37. Rxa3 Rd2 38. h3 Nf6 39. Re3 Kf7 40.
Rf2 Rd1+ 41. Kh2 Ke7 42. Ra3 Nfe4 43. Ra7+ Kd6 44. Re2 Ng5 45. Rxg7 Nf3+ 46.
Kg3 Nd4 47. Kf2 Nd3+ 0-1

[Event "GCT Rapid Paris 2019"]
[Site "Paris FRA"]
[Date "2019.07.28"]
[Round "4"]
[White "Nakamura, Hikaru"]
[Black "Duda, Jan-Krzysztof"]
[Result "1/2-1/2"]
[WhiteElo "2754"]
[BlackElo "2729"]
[PlyCount "122"]
[EventDate "2019.07.27"]

1. e4 c5 2. Nf3 Nf6 3. e5 Nd5 4. Nc3 Nxc3 5. dxc3 Nc6 6. Bf4 e6 7. h4 h6 8. g3
b6 9. Bg2 Bb7 10. Qd3 Qc7 11. O-O-O Ne7 12. h5 c4 13. Qe2 b5 14. Rh4 Rb8 15.
Bd2 Qa5 16. Kb1 Bd5 17. Ne1 Rb6 18. Bc1 Ra6 19. a3 Bc6 20. Rhd4 Nd5 21. Bxd5
Bxd5 22. Rxd5 exd5 23. Rxd5 Qb6 24. Nf3 Qb7 25. Qe4 Rc6 26. Be3 a5 27. Rd6 b4
28. cxb4 axb4 29. axb4 Bxd6 30. exd6+ Kd8 31. Ne5 Kc8 32. Nxc6 Qxc6 33. Qd4 Re8
34. Qxg7 Qh1+ 35. Bc1 Qxh5 36. Qc3 Qd5 37. b3 h5 38. Kb2 Re4 39. Be3 Kb7 40.
Kb1 f5 41. Kc1 Qxd6 42. bxc4 Qc6 43. Bd4 f4 44. Qd3 Re1+ 45. Kd2 Qh1 46. Qf5
Qe4 47. Qxd7+ Kb8 48. Qd8+ Kb7 49. Qd7+ Kb8 50. Kc3 Rc1 51. Qb5+ Kc8 52. Qc5+
Kd7 53. Qb5+ Kc8 54. Qa6+ Kd8 55. Qf6+ Kc8 56. Qf8+ Kd7 57. Qf7+ Kc8 58. Qg8+
Kd7 59. Qg7+ Kc8 60. Qg8+ Kd7 61. Qf7+ Kc8 1/2-1/2

[Event "GCT Rapid Paris 2019"]
[Site "Paris FRA"]
[Date "2019.07.28"]
[Round "4"]
[White "Mamedyarov, Shakhriyar"]
[Black "Nepomniachtchi, Ian"]
[Result "1-0"]
[WhiteElo "2765"]
[BlackElo "2775"]
[PlyCount "71"]
[EventDate "2019.07.27"]

1. d4 Nf6 2. c4 g6 3. Nf3 Bg7 4. g3 d5 5. Bg2 c6 6. O-O dxc4 7. a4 O-O 8. Na3
Na6 9. Nxc4 Be6 10. b3 Bd5 11. Ba3 Rc8 12. Rc1 Re8 13. e3 c5 14. Qe2 cxd4 15.
Nxd4 Bxg2 16. Kxg2 Qd5+ 17. f3 Nc7 18. Rfd1 Qh5 19. e4 Rcd8 20. Ne3 e5 21. Rxc7
exd4 22. Qc4 Rd7 23. Rxd4 Rxc7 24. Qxc7 Qg5 25. Rd3 b6 26. h4 Qa5 27. Rd8 h5
28. Bb2 Rf8 29. Bc3 Qa6 30. Nc4 b5 31. Nd6 Rxd8 32. Qxd8+ Kh7 33. Nxb5 Qe6 34.
Bxf6 Bxf6 35. Qd5 Qe7 36. Qd6 1-0

[Event "GCT Rapid Paris 2019"]
[Site "Paris FRA"]
[Date "2019.07.28"]
[Round "5"]
[White "Dubov, Daniil"]
[Black "Grischuk, Alexander"]
[Result "0-1"]
[WhiteElo "2700"]
[BlackElo "2766"]
[PlyCount "152"]
[EventDate "2019.07.27"]

1. Nf3 d5 2. e3 Nf6 3. c4 e6 4. b3 c5 5. cxd5 exd5 6. Bb5+ Nc6 7. Ne5 Qc7 8.
Bb2 Bd6 9. f4 O-O 10. Bxc6 bxc6 11. O-O Re8 12. Qf3 Rb8 13. d3 d4 14. Nd2 dxe3
15. Ndc4 Nd5 16. Rae1 f6 17. Nxd6 Qxd6 18. Nc4 Qd7 19. Ba3 Nb4 20. Rxe3 Ba6 21.
Rfe1 Rxe3 22. Qxe3 Nc2 23. Qe6+ Qxe6 24. Rxe6 Bxc4 25. dxc4 Nxa3 26. Rxc6 Rd8
27. Rxc5 Nc2 28. Ra5 Rd7 29. c5 Kf7 30. a3 Nd4 31. b4 Ne2+ 32. Kf2 Nxf4 33. c6
Rc7 34. b5 Nd5 35. Ra4 Ke6 36. Rh4 h6 37. Kf3 Kd6 38. a4 Re7 39. Rc4 Nb6 40.
Rd4+ Kc5 41. Rg4 Nd5 42. h4 a6 43. bxa6 Kxc6 44. Rd4 Nc7 45. a7 Kb7 46. Re4 Rd7
47. Kf4 Kxa7 48. Kf5 Kb6 49. Kg6 Kc5 50. g4 Nd5 51. Re1 Ra7 52. Ra1 Nf4+ 53.
Kf5 Ng2 54. h5 Ne3+ 55. Kf4 Nd5+ 56. Kf5 Ne3+ 57. Kf4 Nc2 58. Ra2 Nd4 59. Ra1
Ra5 60. Ke4 Ne6 61. Kf5 Kd6+ 62. Kg6 Rg5+ 63. Kf7 Nd8+ 64. Ke8 Nc6 65. Kf7 Rxg4
66. a5 Kc7 67. Rc1 Kb7 68. Rb1+ Ka7 69. Ke6 Nxa5 70. Rd1 Nc6 71. Kf7 Ne5+ 72.
Kg8 Kb6 73. Kh7 Kc7 74. Ra1 f5 75. Ra5 Kd6 76. Ra6+ Kd5 0-1

[Event "GCT Rapid Paris 2019"]
[Site "Paris FRA"]
[Date "2019.07.28"]
[Round "5"]
[White "Anand, Viswanathan"]
[Black "Nakamura, Hikaru"]
[Result "1/2-1/2"]
[WhiteElo "2764"]
[BlackElo "2754"]
[PlyCount "38"]
[EventDate "2019.07.27"]

1. e4 e5 2. Nf3 Nc6 3. Bb5 Nf6 4. d3 Bc5 5. Bxc6 dxc6 6. O-O Nd7 7. c3 O-O 8.
d4 exd4 9. cxd4 Be7 10. Nc3 b5 11. Bf4 Bb7 12. Qc2 a6 13. Rad1 Qc8 14. Ne5 Nxe5
15. Bxe5 Re8 16. Bf4 c5 17. dxc5 Bxc5 18. Nd5 Bxd5 19. exd5 Bd6 1/2-1/2

[Event "GCT Rapid Paris 2019"]
[Site "Paris FRA"]
[Date "2019.07.28"]
[Round "5"]
[White "Duda, Jan-Krzysztof"]
[Black "Mamedyarov, Shakhriyar"]
[Result "1-0"]
[WhiteElo "2729"]
[BlackElo "2765"]
[PlyCount "65"]
[EventDate "2019.07.27"]

1. Nf3 d5 2. c4 e6 3. b3 Nf6 4. Bb2 Be7 5. e3 O-O 6. Nc3 dxc4 7. Bxc4 c5 8. Be2
a6 9. Qc2 Nc6 10. g4 Nxg4 11. Rg1 f5 12. Ne4 b5 13. Nxc5 Qd5 14. Nd3 Bb7 15. h3
Nf6 16. Nf4 Qd6 17. Ng5 Nb4 18. Qb1 e5 19. Qxf5 Rad8 20. Bxe5 Qxd2+ 21. Kf1 Bc8
22. Nfe6 Qc2 23. Qxc2 Nxc2 24. Rc1 Nxe3+ 25. fxe3 Ng4+ 26. Nf3 Nxe5 27. Rxc8
Rxc8 28. Rxg7+ Kh8 29. Rxe7 Rxf3+ 30. Bxf3 Nxf3 31. Ke2 Ng1+ 32. Kf2 Rg8 33.
Nf4 1-0

[Event "GCT Rapid Paris 2019"]
[Site "Paris FRA"]
[Date "2019.07.28"]
[Round "5"]
[White "Nepomniachtchi, Ian"]
[Black "Giri, Anish"]
[Result "1/2-1/2"]
[WhiteElo "2775"]
[BlackElo "2779"]
[PlyCount "64"]
[EventDate "2019.07.27"]

1. e4 c5 2. Nf3 d6 3. d4 cxd4 4. Nxd4 Nf6 5. Nc3 a6 6. h3 e5 7. Nde2 h5 8. g3
Be7 9. Bg2 b5 10. Nd5 Nxd5 11. Qxd5 Ra7 12. Qd2 Nd7 13. a4 Rb7 14. axb5 axb5
15. O-O O-O 16. b3 b4 17. Rd1 h4 18. g4 Nc5 19. Qe1 Bd7 20. Be3 Qc7 21. Nc1
Rfb8 22. Ra2 Bc6 23. Bd2 Qd8 24. Nd3 Nxd3 25. cxd3 Bd7 26. d4 exd4 27. Bf4 Be6
28. Rxd4 Bxb3 29. Rb2 Be6 30. Rdxb4 Rxb4 31. Rxb4 Rxb4 32. Qxb4 d5 1/2-1/2